[Event "World Rapid Team 2023"]
[Site "Dusseldorf GER"]
[Date "2023.08.27"]
[Round "8.7"]
[Board "1"]
[White "Orlov, Andrey"]
[Black "Krastev, Alexander"]
[Result "1-0"]
[WhiteTitle "GM"]
[BlackTitle "IM"]
[WhiteElo "2503"]
[BlackElo "2411"]
[WhiteTeam "Duesseldorfer Schachklub 1914/25 e.V."]
[BlackTeam "Schachverein Hemer"]
[WhiteFideId "4125282"]
[BlackFideId "12989983"]
[EventDate "2023.08.26"]

1. e4 c5 2. Nc3 Nc6 3. g3 e6 4. Bg2 Nf6 5. Nge2 Be7 6. O-O O-O 7. d3 d5 8. exd5
exd5 9. Bg5 d4 10. Bxf6 Bxf6 11. Ne4 Be7 12. Nf4 Re8 13. Re1 Bf8 14. a3 Ne5 15.
h3 Bd7 16. Nd2 Rb8 17. Nc4 Ng6 18. Nxg6 hxg6 19. Ne5 Be6 20. a4 Bd6 21. Nc4 Bc7
22. a5 Qf6 23. Qf3 Qxf3 24. Bxf3 Kf8 25. h4 f6 26. b3 Re7 27. Reb1 b5 28. axb6
axb6 29. b4 b5 30. Na5 Bxa5 31. Rxa5 Rc7 32. Ra6 Bf7 33. Rc6 Rbc8 34. Rb6 cxb4
35. Rxb5 Rxc2 36. R1xb4 Rd8 37. Rb8 Rxb8 38. Rxb8+ Ke7 39. Rb7+ Kf8 40. Rb4 Rd2
41. Rxd4 Be6 42. Be4 Kf7 43. Bd5 Bxd5 44. Rxd5 Ke6 45. Rd8 Rd1+ 46. Kg2 Ke7 47.
Rd4 Ke6 48. Kf3 Ra1 49. Rb4 Ra7 50. Ke4 Kf7 51. d4 Ra2 52. Rb7+ Kf8 53. f3 Re2+
54. Kf4 Re1 55. Rd7 Kg8 56. d5 Re5 57. g4 g5+ 58. hxg5 Rxg5 59. Ke4 Kf8 60. d6
Ke8 61. Re7+ Kd8 62. Kf4 Kc8 63. Ke3 Kd8 64. Ke4 Kc8 65. f4 Rxg4 66. Kf5 Rg1 67.
Ke6 Re1+ 68. Kf7 Rd1 69. Kxg7 Rxd6 70. f5 Kd8 71. Re1 Ra6 72. Kf7 Ra2 73. Kxf6
Rf2 74. Kg6 Rg2+ 75. Kf7 Rd2 76. f6 Kd7 77. Kg7 Rg2+ 78. Kf8 Kd6 79. f7 Kd7 80.
Rd1+ Kc6 81. Rd4 Kc5 82. Rd8 Kc6 83. Ke7 Re2+ 84. Kf6 Rf2+ 85. Kg6 Rg2+ 86. Kh5 1-0

[Event "World Rapid Team 2023"]
[Site "Dusseldorf GER"]
[Date "2023.08.27"]
[Round "8.7"]
[Board "2"]
[White "Bagrationi, Alexander"]
[Black "Berelowitsch, Alexander"]
[Result "1/2-1/2"]
[WhiteTitle "GM"]
[BlackTitle "GM"]
[WhiteElo "2440"]
[BlackElo "2492"]
[WhiteTeam "Schachverein Hemer"]
[BlackTeam "Duesseldorfer Schachklub 1914/25 e.V."]
[WhiteFideId "14104954"]
[BlackFideId "14101440"]
[EventDate "2023.08.26"]

1. d4 d5 2. Nf3 c5 3. g3 Nc6 4. c3 e6 5. Bg2 Nf6 6. O-O Be7 7. a4 O-O 8. dxc5
Bxc5 9. b4 Be7 10. b5 Na5 11. Ba3 Nc4 12. Bxe7 Qxe7 13. Nfd2 Nd6 14. c4 dxc4 15.
Na3 c3 16. Ndb1 Rd8 17. Qc2 e5 18. Nxc3 Bf5 19. Qb2 e4 20. Rfd1 e3 21. f4 Nde4
22. Nxe4 Bxe4 23. Bh3 h5 24. Nc4 h4 25. Qe5 Qb4 26. Nd6 hxg3 27. hxg3 Bd5 28.
Nf5 Be6 29. Nh6+ gxh6 30. Bxe6 Re8 31. Qxf6 Rxe6 32. Rd8+ Rxd8 33. Qxd8+ Kg7 34.
Qd5 Qb2 35. Re1 Qd2 36. Qxd2 exd2 37. Rd1 Rxe2 38. Kf1 Re1+ 39. Rxe1 dxe1=Q+ 40.
Kxe1 h5 41. a5 Kf6 42. Ke2 Kf5 43. Kf3 f6 44. a6 b6 45. g4+ Kg6 46. Kg3 hxg4 47.
Kxg4 f5+ 48. Kh4 1/2-1/2

[Event "World Rapid Team 2023"]
[Site "Dusseldorf GER"]
[Date "2023.08.27"]
[Round "8.7"]
[Board "3"]
[White "Levin, Felix"]
[Black "Voicu-Jagodzinsky, Carmen"]
[Result "1-0"]
[WhiteTitle "GM"]
[BlackTitle "WGM"]
[WhiteElo "2459"]
[BlackElo "2264"]
[WhiteTeam "Duesseldorfer Schachklub 1914/25 e.V."]
[BlackTeam "Schachverein Hemer"]
[WhiteFideId "4650905"]
[BlackFideId "1206729"]
[EventDate "2023.08.26"]

1. d4 Nf6 2. Nf3 e6 3. Bf4 d5 4. e3 Be7 5. h3 O-O 6. Nbd2 c5 7. c3 b6 8. a4 a5
9. Be2 Ba6 10. O-O Bxe2 11. Qxe2 Nbd7 12. Nb1 Ne4 13. Na3 Bd6 14. Bxd6 Nxd6 15.
Nb5 Ne4 16. Nd2 Ndf6 17. Rfd1 Qe7 18. Nf3 Rac8 19. Ne5 Rfd8 20. f3 Nd6 21. Rac1
Nfe8 22. Ng4 Nxb5 23. Qxb5 Nd6 24. Qe2 h5 25. Nf2 Qg5 26. dxc5 Rxc5 27. e4 dxe4
28. fxe4 Re5 29. Qd2 Qg3 30. Qd3 Qg5 31. Qf3 g6 32. Re1 Rc5 33. Rcd1 Rcc8 34. e5
Nf5 35. Ne4 Qe7 36. g4 hxg4 37. hxg4 Nh4 38. Qf2 Kg7 39. Nd6 Rc7 40. Rf1 Qg5 41.
Qf6+ Qxf6 42. Rxf6 Rf8 43. Rdf1 g5 44. Ne4 Rc4 45. Rxf7+ Rxf7 46. Rxf7+ Kxf7 47.
Nd6+ Ke7 48. Nxc4 Kd7 49. Nxb6+ Kc6 50. Nc4 Kc5 51. b3 Ng6 52. Kf2 Nf4 53. Ke3
Nd5+ 54. Kd2 Nf4 55. Nxa5 1-0

[Event "World Rapid Team 2023"]
[Site "Dusseldorf GER"]
[Date "2023.08.27"]
[Round "8.7"]
[Board "4"]
[White "Runte, Moritz"]
[Black "Meins, Gerlef"]
[Result "1/2-1/2"]
[BlackTitle "IM"]
[WhiteElo "2185"]
[BlackElo "2412"]
[WhiteTeam "Schachverein Hemer"]
[BlackTeam "Duesseldorfer Schachklub 1914/25 e.V."]
[WhiteFideId "12991449"]
[BlackFideId "4620895"]
[EventDate "2023.08.26"]

1. e4 c5 2. Nf3 Nc6 3. d4 cxd4 4. Nxd4 Nf6 5. Nc3 d6 6. Bg5 e6 7. Qd3 Be7 8.
O-O-O Nxd4 9. Qxd4 O-O 10. Bxf6 Bxf6 11. Qxd6 Qa5 12. Qg3 Bxc3 13. Qxc3 Qxa2 14.
Qa3 Qxa3 15. bxa3 b6 16. Bb5 Bb7 17. f3 Rfd8 18. Rxd8+ Rxd8 19. Rd1 Rxd1+ 20.
Kxd1 e5 21. Kd2 Kf8 22. Kc3 Ke7 23. Kb4 f6 24. a4 a5+ 25. Kc4 Kd6 26. Be8 Ba6+
27. Bb5 Bc8 28. Be8 Ba6+ 29. Bb5 Bc8 30. Be8 Ba6+ 1/2-1/2

[Event "World Rapid Team 2023"]
[Site "Dusseldorf GER"]
[Date "2023.08.27"]
[Round "8.7"]
[Board "5"]
[White "Zatonskih, Anna"]
[Black "Besou, Hussain"]
[Result "1-0"]
[WhiteTitle "IM"]
[BlackTitle "FM"]
[WhiteElo "2364"]
[BlackElo "2364"]
[WhiteTeam "Duesseldorfer Schachklub 1914/25 e.V."]
[BlackTeam "Schachverein Hemer"]
[WhiteFideId "14101572"]
[BlackFideId "16269950"]
[EventDate "2023.08.26"]

1. d4 Nf6 2. c4 e6 3. Nc3 Bb4 4. Qc2 O-O 5. a3 Bxc3+ 6. Qxc3 b6 7. Bg5 Bb7 8. f3
d5 9. e3 Nbd7 10. cxd5 exd5 11. Bd3 Re8 12. Ne2 c6 13. O-O h6 14. Bh4 Qe7 15.
Bf2 h5 16. Rfe1 g6 17. Qd2 c5 18. Nc3 Nf8 19. Rad1 Ne6 20. Bc2 Rac8 21. Bh4 Red8
22. Qf2 cxd4 23. exd4 Kg7 24. Qg3 Qc7 25. Rxe6 Qxg3 26. Bxf6+ Kf8 27. hxg3 fxe6
28. Bxd8 Rxd8 29. Bxg6 Kg7 30. Bxh5 Kf6 31. f4 1-0

[Event "World Rapid Team 2023"]
[Site "Dusseldorf GER"]
[Date "2023.08.27"]
[Round "8.7"]
[Board "6"]
[White "Xue, Luka"]
[Black "Mukovskiy, Peter"]
[Result "0-1"]
[WhiteElo "1925"]
[BlackElo "1914"]
[WhiteTeam "Schachverein Hemer"]
[BlackTeam "Duesseldorfer Schachklub 1914/25 e.V."]
[WhiteFideId "16277252"]
[BlackFideId "16236998"]
[EventDate "2023.08.26"]

1. d4 d5 2. c4 e6 3. Nc3 c5 4. cxd5 exd5 5. Nf3 Nf6 6. Bg5 Nc6 7. e3 Be7 8. dxc5
O-O 9. Be2 Bxc5 10. O-O Be6 11. Rc1 Be7 12. Nd4 Nxd4 13. Qxd4 h6 14. Bh4 Qa5 15.
Rfd1 Rfd8 16. Bf3 Rac8 17. a3 Rc4 18. Qd2 Rxh4 19. b3 Qxa3 20. Ra1 Qd6 21. g3
Rb4 22. Rxa7 Rxb3 23. Qc2 Qb6 24. Ra2 Rc8 25. Nxd5 Rxc2 26. Ra8+ Kh7 27. Nxb6
Rxb6 28. e4 g6 29. e5 Ng4 30. Bxg4 Bxg4 31. Rd5 Bf3 32. e6 0-1

[Event "World Rapid Team 2023"]
[Site "Dusseldorf GER"]
[Date "2023.08.27"]
[Round "8.8"]
[Board "1"]
[White "Bologan, Victor"]
[Black "Lubbe, Nikolas"]
[Result "1-0"]
[WhiteTitle "GM"]
[BlackTitle "IM"]
[WhiteElo "2574"]
[BlackElo "2501"]
[WhiteTeam "FIDE Management Board"]
[BlackTeam "Team Chessemy.com"]
[WhiteFideId "13900048"]
[BlackFideId "4694031"]
[EventDate "2023.08.26"]

1. e4 c5 2. Nf3 e6 3. d3 Nc6 4. g3 d5 5. Qe2 Nf6 6. Bg2 Be7 7. O-O b6 8. e5 Nd7
9. c4 dxc4 10. dxc4 Qc7 11. Nc3 a6 12. Nd5 exd5 13. cxd5 Bb7 14. dxc6 Bxc6 15.
e6 fxe6 16. Bf4 Qb7 17. Qxe6 Nf8 18. Qb3 c4 19. Qxc4 Bxf3 20. Bxf3 Qxf3 21. Rfe1
Ng6 22. Re3 Qb7 23. Rae1 Rc8 24. Qb3 Rd8 25. Bg5 Rd7 26. Re6 b5 27. h4 Kd8 28.
Be3 Bd6 29. h5 Ne7 30. Bg5 h6 31. Rxd6 hxg5 32. Rxd7+ Kxd7 33. Qf7 Kd8 34. Rd1+
Kc8 35. Qe6+ Kb8 36. Rd7 Qc6 37. Rxe7 Qxe6 38. Rxe6 Rxh5 39. Rxa6 1-0

[Event "World Rapid Team 2023"]
[Site "Dusseldorf GER"]
[Date "2023.08.27"]
[Round "8.8"]
[Board "2"]
[White "Koellner, Ruben Gideon"]
[Black "Short, Nigel D"]
[Result "0-1"]
[WhiteTitle "IM"]
[BlackTitle "GM"]
[WhiteElo "2478"]
[BlackElo "2592"]
[WhiteTeam "Team Chessemy.com"]
[BlackTeam "FIDE Management Board"]
[WhiteFideId "12993093"]
[BlackFideId "400025"]
[EventDate "2023.08.26"]

1. d4 Nf6 2. Nf3 d5 3. e3 e6 4. Nbd2 c5 5. c3 Nbd7 6. Ne5 Nxe5 7. dxe5 Nd7 8. f4
b6 9. Bd3 Bb7 10. O-O Qc7 11. Qe2 Be7 12. e4 c4 13. Bc2 b5 14. f5 Nxe5 15. fxe6
fxe6 16. exd5 Bxd5 17. Ne4 Nd3 18. a4 Qe5 19. Re1 Nxe1 20. Qxe1 O-O 21. Be3 Bxe4
22. Bd4 Bc5 23. Bxe4 Bxd4+ 24. Kh1 Rad8 25. cxd4 Qxd4 26. Qb1 b4 27. Bxh7+ Kh8
28. h3 Rf4 29. Bg6 Qf6 30. Bh5 Rd2 31. Qe1 Rdf2 32. Kg1 0-1

[Event "World Rapid Team 2023"]
[Site "Dusseldorf GER"]
[Date "2023.08.27"]
[Round "8.8"]
[Board "3"]
[White "Al-Mudahka, Mohd"]
[Black "Carlstedt, Jonathan"]
[Result "1/2-1/2"]
[WhiteTitle "GM"]
[BlackTitle "IM"]
[WhiteElo "2542"]
[BlackElo "2453"]
[WhiteTeam "FIDE Management Board"]
[BlackTeam "Team Chessemy.com"]
[WhiteFideId "12100030"]
[BlackFideId "24614386"]
[EventDate "2023.08.26"]

1. e4 e5 2. Nf3 Nc6 3. Bb5 a6 4. Ba4 Nf6 5. O-O Bc5 6. d3 d6 7. c3 Ba7 8. h3 h6
9. Be3 O-O 10. Bxa7 Rxa7 11. Nbd2 Ne7 12. Bb3 Ng6 13. Re1 Nf4 14. Nf1 Be6 15. d4
Qe7 16. Ng3 g6 17. Bxe6 Qxe6 18. Qd2 Raa8 19. Rad1 Kh7 20. Qe3 b6 21. b3 a5 22.
c4 Rad8 23. c5 dxc5 24. dxc5 Nd7 25. cxb6 cxb6 26. Ne2 Nxe2+ 27. Rxe2 Nc5 28.
Red2 Rxd2 29. Rxd2 f6 30. Rd5 Rf7 31. a3 Qc6 32. b4 axb4 33. axb4 Ne6 34. g3 Kg7
35. Qd3 Ra7 36. Kg2 Re7 37. Rd6 Qb7 38. Qd5 Qxd5 39. exd5 Nc7 40. Nd2 b5 41. Ne4
f5 42. Nc5 Kf7 43. Rd8 Re8 44. Rd7+ Re7 45. d6 Rxd7 46. Nxd7 Nd5 47. Nxe5+ Ke6
48. d7 Ke7 49. Nc6+ Kxd7 50. Nd4 Nxb4 51. Nxb5 Ke6 52. f4 Nd5 53. Kf3 g5 54.
Nd4+ Kf6 55. Ne2 Ke6 56. fxg5 hxg5 57. h4 gxh4 58. gxh4 Kf6 59. Nf4 Nxf4 60.
Kxf4 Kg6 61. h5+ Kxh5 62. Kxf5 1/2-1/2

[Event "World Rapid Team 2023"]
[Site "Dusseldorf GER"]
[Date "2023.08.27"]
[Round "8.8"]
[Board "4"]
[White "Rafiee, Makan"]
[Black "Iashvili, Akaki"]
[Result "1-0"]
[WhiteTitle "FM"]
[BlackTitle "IM"]
[WhiteElo "2279"]
[BlackElo "2342"]
[WhiteTeam "Team Chessemy.com"]
[BlackTeam "FIDE Management Board"]
[WhiteFideId "24609340"]
[BlackFideId "13600281"]
[EventDate "2023.08.26"]

1. e4 c5 2. Nf3 d6 3. d4 cxd4 4. Nxd4 Nf6 5. Nc3 a6 6. Bg5 e6 7. f4 Qb6 8. Qd2
Qxb2 9. Rb1 Qa3 10. e5 dxe5 11. fxe5 Nfd7 12. Ne4 h6 13. Bh4 Nc6 14. Nxc6 bxc6
15. Be2 Qa4 16. c4 Qa3 17. Rb3 Qa4 18. O-O g5 19. Bg3 Bc5+ 20. Kh1 Ra7 21. Bh5
O-O 22. Nxg5 Qxc4 23. Rbf3 f5 24. exf6 Ne5 25. Bxe5 1-0

[Event "World Rapid Team 2023"]
[Site "Dusseldorf GER"]
[Date "2023.08.27"]
[Round "8.8"]
[Board "5"]
[White "Reizniece-Ozola, Dana"]
[Black "Lubbe, Melanie"]
[Result "0-1"]
[WhiteTitle "WGM"]
[BlackTitle "WGM"]
[WhiteElo "2268"]
[BlackElo "2256"]
[WhiteTeam "FIDE Management Board"]
[BlackTeam "Team Chessemy.com"]
[WhiteFideId "11601124"]
[BlackFideId "4690745"]
[EventDate "2023.08.26"]

1. c4 Nf6 2. Nc3 g6 3. g3 Bg7 4. Bg2 d6 5. Nf3 O-O 6. d4 c6 7. O-O Bf5 8. h3 Ne4
9. Nxe4 Bxe4 10. Be3 Nd7 11. Qd2 b5 12. cxb5 cxb5 13. Rac1 Nb6 14. b3 Qd7 15.
Bh6 Rac8 16. Bxg7 Kxg7 17. h4 Rxc1 18. Rxc1 Rc8 19. Rxc8 Qxc8 20. Ng5 Bxg2 21.
Kxg2 h6 22. Nf3 Nd5 23. Qa5 Qb7 24. a4 b4 25. Kf1 Nc3 26. Ng1 Na2 27. h5 Nc1 28.
hxg6 fxg6 29. Qd8 Nxb3 30. d5 Nd2+ 31. Ke1 b3 32. Nh3 b2 33. Nf4 b1=Q+ 0-1

[Event "World Rapid Team 2023"]
[Site "Dusseldorf GER"]
[Date "2023.08.27"]
[Round "8.9"]
[Board "1"]
[White "Abdusattorov, Nodirbek"]
[Black "Caruana, Fabiano"]
[Result "1/2-1/2"]
[WhiteTitle "GM"]
[BlackTitle "GM"]
[WhiteElo "2725"]
[BlackElo "2782"]
[WhiteTeam "WR Chess"]
[BlackTeam "Kompetenzakademie Allstars"]
[WhiteFideId "14204118"]
[BlackFideId "2020009"]
[EventDate "2023.08.26"]

1. d4 Nf6 2. c4 e6 3. Nc3 Bb4 4. Qc2 d5 5. a3 Bxc3+ 6. Qxc3 O-O 7. Nf3 b6 8. Bg5
Nbd7 9. cxd5 exd5 10. e3 c5 11. Bb5 h6 12. Bh4 a6 13. Bc6 Ra7 14. dxc5 bxc5 15.
O-O Qb6 16. Ba4 Ne4 17. Qb3 Qe6 18. Qc2 Nb6 19. Bb3 Rc7 20. Ba2 Qg6 21. Rac1 Re8
22. Bb1 Bf5 23. Nd4 Bh3 24. Bg3 Rcc8 25. Nf3 Nxg3 26. hxg3 Qxc2 27. Rxc2 Bf5 28.
Rc3 Be6 29. b3 a5 30. Rfc1 a4 31. Ba2 axb3 32. Bxb3 c4 33. Bc2 Ra8 34. Nd4 Bd7
35. Rb1 Ra6 36. f3 g6 37. e4 Kg7 38. exd5 Nxd5 39. Rxc4 Rxa3 40. Rc5 1/2-1/2

[Event "World Rapid Team 2023"]
[Site "Dusseldorf GER"]
[Date "2023.08.27"]
[Round "8.9"]
[Board "2"]
[White "Aronian, Levon"]
[Black "Nepomniachtchi, Ian"]
[Result "0-1"]
[WhiteTitle "GM"]
[BlackTitle "GM"]
[WhiteElo "2742"]
[BlackElo "2779"]
[WhiteTeam "Kompetenzakademie Allstars"]
[BlackTeam "WR Chess"]
[WhiteFideId "13300474"]
[BlackFideId "4168119"]
[EventDate "2023.08.26"]

1. c4 Nf6 2. g3 e6 3. Bg2 d5 4. Nf3 Be7 5. O-O O-O 6. d4 dxc4 7. Qa4 a6 8. Qxc4
b5 9. Qc2 Bb7 10. Bd2 Be4 11. Qc1 c6 12. Be3 Nbd7 13. Nc3 Bg6 14. Ne5 Nxe5 15.
dxe5 Nd5 16. f4 Qa5 17. Bf2 Qb4 18. e4 Nxc3 19. Qxc3 Qxc3 20. bxc3 f5 21. exf5
Bxf5 22. Rad1 Rfc8 23. Rd7 Bf8 24. Rfd1 a5 25. h3 b4 26. g4 Bc2 27. Ra1 b3 28.
axb3 Bxb3 29. Rd6 a4 30. Rxc6 Rxc6 31. Bxc6 Ra5 32. c4 a3 33. Bb6 Ra6 34. c5 a2
35. Bb5 Bxc5+ 36. Bxc5 Ra5 37. Bd4 Rxb5 38. Kf2 g6 39. Rc1 Bd5 40. Rc8+ Kf7 41.
Rc7+ Ke8 42. Ra7 Rb4 43. Ke3 Rb3+ 44. Kd2 Rxh3 45. f5 gxf5 46. gxf5 exf5 47. Ra5
Bc4 48. Kc2 f4 49. Rc5 Be6 50. Rc6 Kf7 0-1

[Event "World Rapid Team 2023"]
[Site "Dusseldorf GER"]
[Date "2023.08.27"]
[Round "8.9"]
[Board "4"]
[White "Siebrecht, Sebastian"]
[Black "Praggnanandhaa, R"]
[Result "0-1"]
[WhiteTitle "GM"]
[BlackTitle "GM"]
[WhiteElo "2361"]
[BlackElo "2707"]
[WhiteTeam "Kompetenzakademie Allstars"]
[BlackTeam "WR Chess"]
[WhiteFideId "4609352"]
[BlackFideId "25059530"]
[EventDate "2023.08.26"]

1. Nf3 Nf6 2. c4 b6 3. Nc3 Bb7 4. d4 g6 5. Qc2 Bg7 6. e4 d6 7. Be2 O-O 8. h4 Nc6
9. d5 Nb4 10. Qb3 Na6 11. Qc2 c6 12. h5 Nxh5 13. g4 Nf6 14. g5 Nh5 15. Nh4 cxd5
16. Bxh5 dxe4 17. Nxe4 Nb4 18. Qe2 d5 19. a3 Nc6 20. Ng3 Nd4 21. Qd1 dxc4 22.
O-O gxh5 23. Qxh5 Qd5 24. f4 e6 25. Be3 Nf5 26. Ngxf5 Qh1+ 27. Kf2 Qh2+ 28. Ke1
exf5 29. Rf2 Qg1+ 30. Ke2 Qxa1 0-1

[Event "World Rapid Team 2023"]
[Site "Dusseldorf GER"]
[Date "2023.08.27"]
[Round "8.9"]
[Board "5"]
[White "Hou, Yifan"]
[Black "Tsatsalashvili, Keti"]
[Result "1-0"]
[WhiteTitle "GM"]
[BlackTitle "WGM"]
[WhiteElo "2628"]
[BlackElo "2315"]
[WhiteTeam "WR Chess"]
[BlackTeam "Kompetenzakademie Allstars"]
[WhiteFideId "8602980"]
[BlackFideId "13603434"]
[EventDate "2023.08.26"]

1. e4 c5 2. Nf3 d6 3. d4 cxd4 4. Qxd4 Nc6 5. Qd3 h6 6. Be2 Nf6 7. c4 g6 8. Nc3
Bg7 9. O-O O-O 10. h3 Be6 11. Be3 Rc8 12. Nd5 Nd7 13. Qd2 Kh7 14. Nf4 Nc5 15.
Nxe6 fxe6 16. e5 Nxe5 17. Nxe5 dxe5 18. Qc2 e4 19. Rad1 Qc7 20. b3 Rcd8 21. b4
Nd3 22. Bxd3 exd3 23. Rxd3 Rxd3 24. Qxd3 a6 25. Rd1 Rc8 26. c5 Qc6 27. Qb3 Rc7
28. Qd3 Qa4 29. a3 Bb2 30. Qd8 Qc6 31. Bf4 e5 32. Be3 Bd4 33. Qf8 Bxe3 34. Qf7+
Kh8 35. Rd8+ 1-0

[Event "World Rapid Team 2023"]
[Site "Dusseldorf GER"]
[Date "2023.08.27"]
[Round "8.10"]
[Board "1"]
[White "Seel, Christian"]
[Black "Zanan, Evgeny"]
[Result "1/2-1/2"]
[WhiteTitle "IM"]
[BlackTitle "GM"]
[WhiteElo "2477"]
[BlackElo "2470"]
[WhiteTeam "Aachener Schachverein von 1856"]
[BlackTeam "Rishon LeZion Chess Club"]
[WhiteFideId "4663098"]
[BlackFideId "24101940"]
[EventDate "2023.08.26"]

1. Nf3 d5 2. d4 Nf6 3. c4 e6 4. Nc3 Bb4 5. Bg5 h6 6. Bxf6 Qxf6 7. e3 O-O 8. cxd5
exd5 9. Qb3 Qb6 10. Bd3 c6 11. O-O Bd6 12. Qc2 Nd7 13. Rae1 Qd8 14. e4 dxe4 15.
Nxe4 Nf6 16. Ne5 Be6 17. Ng3 Nd5 18. a3 Nf4 19. Bh7+ Kh8 20. Bf5 Bd5 21. Be4 Be6
22. Bf5 Bd5 23. Be4 Be6 24. Qc1 Qf6 25. Bb1 Bd5 26. Ne4 Bxe4 27. Rxe4 g5 28. Nd7
Qf5 29. Nxf8 Qxe4 30. Bxe4 Ne2+ 31. Kh1 Nxc1 32. Ng6+ fxg6 33. Rxc1 Kg7 34. b4
Rd8 35. g3 Be7 36. Rc4 a6 37. Kg2 Rd7 38. Kf3 Bf6 39. Ke3 g4 40. f3 gxf3 41.
Bxf3 Bg5+ 42. Kd3 Rf7 43. Be4 Rd7 44. a4 Bf6 45. Ke3 Bg5+ 46. Kd3 Bf6 47. b5
axb5 48. axb5 cxb5 49. Rb4 h5 50. h4 b6 51. Bc6 Rd6 52. d5 Be5 53. g4 hxg4 54.
Rxg4 Kh6 55. Ke4 Bf6 56. Bxb5 Rd8 57. Rf4 Rd6 58. Be2 Kg7 59. Rg4 Kh6 60. Bb5
Rd8 61. Rf4 Rd6 62. Be8 g5 63. hxg5+ Bxg5 64. Rf7 Rd8 65. Bc6 Kg6 66. Rf3 Be7
67. Ke5 Bc5 68. Ke6 Rd6+ 69. Ke5 Rd8 70. Rf6+ Kg5 71. Rf7 Kg6 72. Rb7 Rf8 73.
Ke6 Rf6+ 74. Kd7 Kf5 75. Kc8 Rf8+ 76. Kd7 Rf7+ 77. Kc8 Rxb7 1/2-1/2

[Event "World Rapid Team 2023"]
[Site "Dusseldorf GER"]
[Date "2023.08.27"]
[Round "8.10"]
[Board "2"]
[White "Bronstein, Or"]
[Black "Koch, Thomas1"]
[Result "1/2-1/2"]
[WhiteTitle "IM"]
[BlackTitle "IM"]
[WhiteElo "2459"]
[BlackElo "2426"]
[WhiteTeam "Rishon LeZion Chess Club"]
[BlackTeam "Aachener Schachverein von 1856"]
[WhiteFideId "2815770"]
[BlackFideId "4600533"]
[EventDate "2023.08.26"]

1. d4 Nf6 2. c4 e6 3. Nc3 Bb4 4. e3 O-O 5. Bd3 c5 6. Ne2 d5 7. a3 cxd4 8. axb4
dxc3 9. Nxc3 Nc6 10. b5 Ne5 11. c5 Nxd3+ 12. Qxd3 e5 13. O-O Be6 14. Rd1 Qd7 15.
b4 Rfd8 16. Bb2 d4 17. exd4 Bf5 18. Qg3 exd4 19. Ne2 Ne4 20. Qe5 f6 21. Qf4 d3
22. Nd4 Bg6 23. h4 Qd5 24. f3 Qc4 25. c6 bxc6 26. Nxc6 Nd6 27. Qg3 Rd7 28. h5
Bxh5 29. Bxf6 Nf5 30. Qg5 Bg6 31. Bb2 Qxb5 32. Rac1 Qb6+ 33. Kh2 Re8 34. Ne5 Rd5
35. Rxd3 Rxd3 36. Nxd3 Qd6+ 37. Nf4 h6 38. Qg4 Ne3 39. Qxg6 Qxf4+ 40. g3 Qf7 41.
Qxf7+ Kxf7 42. Rc7+ Ke6 43. Bxg7 Nd5 44. Rxa7 Nxb4 45. Ra4 Rb8 46. Bxh6 Nd3 47.
Be3 Ne1 48. Re4+ Kf5 49. Rf4+ Kg6 50. g4 Rb3 51. Bf2 Nd3 52. Kg3 Nxf4 53. Kxf4
Rb4+ 54. Kg3 Rb3 55. Bd4 Rd3 56. Be5 Re3 57. Kf4 Rb3 58. Ke4 Rb4+ 59. Bd4 Kg5
60. Ke3 Rb3+ 61. Ke4 Rb4 62. Ke3 Rb3+ 63. Ke4 1/2-1/2

[Event "World Rapid Team 2023"]
[Site "Dusseldorf GER"]
[Date "2023.08.27"]
[Round "8.10"]
[Board "3"]
[White "Klein, Felix"]
[Black "Kaspi, Alexander"]
[Result "0-1"]
[WhiteTitle "FM"]
[BlackTitle "IM"]
[WhiteElo "2300"]
[BlackElo "2405"]
[WhiteTeam "Aachener Schachverein von 1856"]
[BlackTeam "Rishon LeZion Chess Club"]
[WhiteFideId "24600458"]
[BlackFideId "2802910"]
[EventDate "2023.08.26"]

1. d4 Nf6 2. c4 e6 3. Nf3 b6 4. a3 Ba6 5. Nbd2 Bb7 6. Qc2 d5 7. cxd5 exd5 8. b4
Nbd7 9. e3 Bd6 10. Bb2 Qe7 11. b5 O-O 12. Be2 Rac8 13. O-O Ng4 14. Qb3 f5 15.
Rfe1 Ngf6 16. a4 Ne4 17. Ba3 Rf6 18. Bxd6 Nxd6 19. Bf1 Rh6 20. Rac1 g5 21. g3
Ne4 22. Rc2 Ndf6 23. Ne5 g4 24. Rec1 Nxd2 25. Rxd2 Ne4 26. Rdc2 Rd6 27. Bg2 Ng5
28. Qd3 Ne4 29. h3 h5 30. h4 Kg7 31. Kh2 Re6 32. f3 gxf3 33. Bxf3 Kh6 34. Qe2
Nf6 35. Qd3 Ne4 36. Qf1 Nf6 37. Be2 Ng4+ 38. Bxg4 fxg4 39. Qf4+ Kg7 40. Qf5 Kh6
41. Qf4+ Kg7 42. Qf5 Kh6 43. Nf7+ Kg7 44. Ng5 Rg6 45. Qf4 c5 46. bxc6 Rcxc6 47.
Rxc6 Bxc6 48. Kg1 Rf6 49. Qe5 Qxe5 50. dxe5 Rg6 51. e6 Bxa4 52. Rc7+ Kf6 53.
Rxa7 Be8 54. Ra8 Ke7 55. Ra7+ Kf6 56. Ra8 Ke7 57. Rb8 b5 58. Rb7+ Kd6 59. Rb8
Ke7 60. Kf2 Rf6+ 61. Ke2 Rf5 62. Kd3 Re5 63. Kd4 Rf5 64. Kc5 d4+ 65. Kxd4 Bc6
66. e4 Rf1 67. Rh8 Rc1 68. Rh7+ Kf6 69. Rh6+ Ke7 70. Rxh5 b4 71. Rh7+ Kf6 72.
Rf7+ Kg6 73. Ke5 b3 74. Rf6+ Kg7 75. h5 Rc5+ 76. Kd6 Kxf6 77. Nh7+ Kg7 78. Kxc5
Be8 79. Kd6 b2 80. Ke7 Bxh5 0-1

[Event "World Rapid Team 2023"]
[Site "Dusseldorf GER"]
[Date "2023.08.27"]
[Round "8.10"]
[Board "4"]
[White "Efroimski, Marsel"]
[Black "Ahn, Martin"]
[Result "1-0"]
[WhiteTitle "IM"]
[BlackTitle "FM"]
[WhiteElo "2439"]
[BlackElo "2153"]
[WhiteTeam "Rishon LeZion Chess Club"]
[BlackTeam "Aachener Schachverein von 1856"]
[WhiteFideId "2810964"]
[BlackFideId "200972"]
[EventDate "2023.08.26"]

1. e4 c5 2. Nf3 g6 3. c4 Bg7 4. d4 cxd4 5. Nxd4 Nc6 6. Be3 Nf6 7. Nc3 O-O 8. Be2
Nxd4 9. Bxd4 d6 10. O-O Be6 11. f4 Rc8 12. b3 Qa5 13. Bf3 a6 14. a4 Qb4 15. Kh1
Ne8 16. f5 Bxd4 17. Qxd4 Nf6 18. fxe6 fxe6 19. Rab1 e5 20. Qd2 Rcd8 21. Rfd1 Kg7
22. Nd5 Nxd5 23. cxd5 Qxd2 24. Rxd2 Rc8 25. Kg1 Rc3 26. Kf2 g5 27. Ke2 Rfc8 28.
Bg4 R8c7 29. Kf2 R7c5 30. Be2 Kg6 31. Bd3 h5 32. Ke2 g4 33. Rdb2 Kg5 34. Kd2 1-0